Œuvres de Marcel Pagnol - Mort subite - Statistiques

Statistiques générales
  • Ce quiz a été pris 200 fois
  • Le résultat moyen est 9 sur 16
Answers on the Grid
Answers color-coded by a green-red scale on the quiz's grid according to % correct below.
Mireille
La Chèvre de M. Seguin
La Gloire de mon père
Fanny
Heureux qui comme Ulysse
Jazz
Angèle
L'Arlésienne
Le Schpountz
La Femme du boulanger
L'Homme qui plantait des arbres
L'Enfant et la rivière
Un roi sans divertissement
Topaze
Regain
L'Âne Culotte
La Fille du puisatier
Le Boulanger de Valorgue
Une année en Provence
Les Lettres de mon moulin
Le Curé de Cucugnan
Le Fruit défendu
Manon des sources
Le Petit Monde de don Camillo
Jean de Florette
Mon père avait raison
Le Temps des secrets
Désiré
Marius
Le Château de ma mère
 
Statistiques - réponses
Réponse % Correct
La Gloire de mon père
96%
Fanny
81%
Le Château de ma mère
76%
Jean de Florette
71%
Manon des sources
71%
La Femme du boulanger
67%
La Fille du puisatier
67%
Marius
64%
Topaze
61%
Le Schpountz
60%
Le Temps des secrets
59%
Angèle
40%
Regain
34%
Jazz
29%
Les Lettres de mon moulin
24%
Le Curé de Cucugnan
11%
Aucun quiz correspondant
Distribution des résultats
% des personnes avec chaque résultat
Percentile par nombre de réponses
Votre historique - résultats
Vous n’avez pas pris ce quiz